Vécsey Elemér honvédszázados orosz fogságban
Noviny už oznámil, že vojakov 9. honvédskeho pešieho pluku prepadla na Štedrý večer ruská presila a viacerí sa dostali do zajatia. Veliteľ práporu kapitán István Kovács v liste z 30. decembra informuje o zajatí kapitána Eleméra Vécseyho zo dňa 14. decembra jeho manželku. Tieto údaje doplňuje ešte po...
| Médium: | Článok |
|---|---|
| Jazyk: | Hungarian |
| Témy: |
Vécsey, Elemér,
> 1882-?
> kapitán 9. honvédskeho pešieho pluku
> 1915
> Košice (Slovensko)
> Spišská Nová Ves (Slovensko)
Kovács, István,
> ?-1915
> vojak c. k. armády
> kapitán 9. honvédskeho pešieho pluku
> 1915
> Spišská Nová Ves (Slovensko)
|
| Zdroj: |
1. Szepesi Lapok : Politikai És Tátrai Ujság 1. Roč. 31, č. 6 (13. 1. 1915), s. 2 |
| LEADER | 02061nab#a2200457#ar4500 | ||
|---|---|---|---|
| 001 | 000121321 | ||
| 003 | SVKKK | ||
| 005 | 20171218155401.0 | ||
| 008 | 131126d1915 xo |||||||||||||||b|hun | ||
| FMT | |||
| 038 | |a SVKKK | ||
| 040 | |a SVKKK |b slo |e AACR2 | ||
| 041 | 0 | |a hun | |
| 044 | |a xo |c SK | ||
| 080 | |a 355.337 |2 2011 | ||
| 080 | |a 355.335 |2 2011 | ||
| 080 | |a 355.257.7 |2 2011 | ||
| 080 | |a 94(100)"1914/1918" |2 2011 | ||
| 242 | 1 | 0 | |a Kapitán vlastibrany Elemír Vécsey v ruskom zajatí |
| 245 | 1 | 0 | |a Vécsey Elemér honvédszázados orosz fogságban |
| 520 | 3 | |a Noviny už oznámil, že vojakov 9. honvédskeho pešieho pluku prepadla na Štedrý večer ruská presila a viacerí sa dostali do zajatia. Veliteľ práporu kapitán István Kovács v liste z 30. decembra informuje o zajatí kapitána Eleméra Vécseyho zo dňa 14. decembra jeho manželku. Tieto údaje doplňuje ešte pomocný dôstojník pluku, kapitán Kálmán Némethy v liste adresovanom otcovi kapitána Vécseyho, ktorý píše že kapitán sa do zajatia dostal ľahko zranený. | |
| 600 | 1 | 4 | |a Vécsey, Elemér, |d 1882-? |x kapitán 9. honvédskeho pešieho pluku |y 1915 |z Košice (Slovensko) |z Spišská Nová Ves (Slovensko) |
| 600 | 1 | 4 | |a Kovács, István, |d ?-1915 |x vojak c. k. armády |x kapitán 9. honvédskeho pešieho pluku |y 1915 |z Spišská Nová Ves (Slovensko) |
| 600 | 1 | 4 | |a Némethy, Kálmán, |d 1877-? |x vojak c. k. armády |x kapitán 9. honvédskeho pešieho pluku |y 1915 |z Košice (Slovensko) |
| 610 | 0 | 4 | |a 9. honvédsky peší pluk v Košiciach |y 1915 |z Košice (Slovensko) |
| 648 | 0 | 4 | |a 1915 |
| 650 | 0 | 4 | |a vojaci |
| 650 | 0 | 4 | |a nižší dôstojníci |
| 650 | 0 | 4 | |a vojnoví zajatci |
| 650 | 0 | 4 | |a internácia |
| 650 | 0 | 4 | |a prvá svetová vojna, 1914-1918 |
| 651 | 4 | |a Spišská Nová Ves (Slovensko) | |
| 651 | 4 | |a Košice (Slovensko) | |
| 655 | 4 | |a hungariká | |
| 773 | 0 | |t Szepesi Lapok : Politikai És Tátrai Ujság |g Roč. 31, č. 6 (13. 1. 1915), s. 2 | |
| 958 | |a HU | ||
| 974 | |a vsz | ||
| 992 | |a RBX | ||
| BAS | |||
| 852 | |a SVKKK |b BIB | ||
| 998 | |a RETRO | ||